Normal view
MARC view
- العظم،يوسف
Entry Personal Name
001 - CONTROL NUMBER
- control field: 23384
003 - CONTROL NUMBER IDENTIFIER
- control field: JO-AjAnu
005 - DATE AND TIME OF LATEST TRANSACTION
- control field: 20230606074024.0
008 - FIXED-LENGTH DATA ELEMENTS
- fixed length control field: 230606|| aca||aabn | a|a d
040 ## - CATALOGING SOURCE
- Original cataloging agency: JO-AjAnu
- Transcribing agency: JO-AjAnu
100 ## - HEADING--PERSONAL NAME
- Personal name: العظم،يوسف
670 ## - SOURCE DATA FOUND
- Source citation: Work cat.: (JO-AjAnu)12019: العظم،يوسف, author, رائد الفكر الإسلامي المعاصر الشهيد سيد قطب:حياته ومدرسته وآثاره